000 00716nam a22001937a 4500
999 _c3118
_d3118
003 AR-CdUCM
008 190306b ||||| |||| 00| 0 spa d
040 _aMUNICIPALIDAD PROVINCIAL DEL CUSCO
_cBIBLIOTECA MUNICIPAL DEL CUSCO
082 _a335.4 /
_bL45
100 _aLenin, V. I.
_94963
245 _aEl aventurerismo revolucionario :
_b(recopilación de artículos) /
260 _aMoscu :
_bEditorial Progreso,
300 _a38 páginas ;
_c20 cm.
505 _aAventurerismo revolucionario -- La tesis fundamental contra los eseristas -- Las tareas del movimiento social demócrata...
650 _aLenin.
_92073
650 _aPensamiento socialista.
_910533
942 _2ddc
_cLIBROS
945 _awfj
_d2019-03-06